000 00636nam a22002537a 4500
003 UA-OsUOA
001 26966
007 ta
008 20040611b un ||||| |||| 00| 0 ukr d
100 _aПрауде В.Р.
090 _a658.8(075.8)
_bП70
942 _cBK
040 _aUA-OsUOA
_bukr
_cUA-OsUOA
_dUA-OsUOA
245 _aМаркетинг
_bНавчальний посібник
300 _a256 с.
_bІлюстрації
955 _a0
041 _aukr
080 _a658.8(075.8)
020 _a5-11-0037-87-6
260 _aКиїв
_bВища школа
_c1994
044 _aUA
650 7 _2UDC
999 _c313303
_d313303